| 000 | 00423nam a2200133 4500 | ||
|---|---|---|---|
| 999 |
_c12816 _d12816 |
||
| 008 | 210608b ||||| |||| 00| 0 eng d | ||
| 082 | 0 | 0 |
_a621.183076 _bC4957 |
| 100 |
_92195 _aChattopadhyay, P. |
||
| 245 | 1 | 0 |
_aBoiler operation engineering questions and answers / _cby P. Chattopadhyay |
| 260 |
_aNew Delhi: _bTata-McGraw-Hill, _c c1994. |
||
| 300 | _ax, 627 p. | ||
| 650 | 0 | _aSteam Boilers | |
| 942 |
_2ddc _cBK |
||